Two decades of Indian poetry : (Record no. 128519)
[ view plain ]
| 000 -LEADER | |
|---|---|
| fixed length control field | 00716nam a22002297a 4500 |
| 005 - DATE AND TIME OF LATEST TRANSACTION | |
| control field | 20170124110041.0 |
| 010 ## - LIBRARY OF CONGRESS CONTROL NUMBER | |
| LC control number | 989045 |
| 020 ## - INTERNATIONAL STANDARD BOOK NUMBER | |
| Terms of availability | 00.00 |
| International Standard Book Number | 0706910036 |
| 035 ## - SYSTEM CONTROL NUMBER | |
| System control number | 989045 |
| 037 ## - SOURCE OF ACQUISITION | |
| Source of stock number/acquisition | Cen Lib/Ret |
| 040 ## - CATALOGING SOURCE | |
| Original cataloging agency | DPL |
| Language of cataloging | EN |
| 082 ## - DEWEY DECIMAL CLASSIFICATION NUMBER | |
| Classification number | 881.08 |
| Item number | TWO |
| 245 ## - TITLE STATEMENT | |
| Title | Two decades of Indian poetry : |
| Statement of responsibility, etc | edited by Keki N.Daruwalla |
| Remainder of title | 1960-1980 / |
| 260 ## - PUBLICATION, DISTRIBUTION, ETC. (IMPRINT) | |
| Name of publisher, distributor, etc | Vikas Publishing House |
| Date of publication, distribution, etc | 1980 |
| Place of publication, distribution, etc | Ghaziabad |
| 270 ## - ADDRESS | |
| Address | 20/4, Industrial Area,Sahibabad |
| City | Uttar Pradesh |
| 300 ## - PHYSICAL DESCRIPTION | |
| Extent | xl,176p. |
| Dimensions | 19cm(Hb) |
| 500 ## - GENERAL NOTE | |
| General note | Includes index |
| 650 ## - SUBJECT ADDED ENTRY--TOPICAL TERM | |
| Topical term or geographic name as entry element | Indic poetry (English) -- 20th century |
| 9 (RLIN) | 23660 |
| 650 ## - SUBJECT ADDED ENTRY--TOPICAL TERM | |
| Topical term or geographic name as entry element | Anthologie |
| 9 (RLIN) | 23661 |
| 700 ## - ADDED ENTRY--PERSONAL NAME | |
| Personal name | Daruwalla, Keki N. |
| 9 (RLIN) | 23662 |
| 942 ## - ADDED ENTRY ELEMENTS (KOHA) | |
| Source of classification or shelving scheme | Dewey Decimal Classification |
| Koha item type | English Books |
| Classification part | 881.08 |
| Call number suffix | TWO |
| Withdrawn status | Lost status | Damaged status | Not for loan | Home library | Current library | Date acquired | Source of acquisition | Cost, normal purchase price | Total Checkouts | Full call number | Barcode | Date last seen | Copy number | Cost, replacement price | Price effective from | Koha item type |
|---|---|---|---|---|---|---|---|---|---|---|---|---|---|---|---|---|
| Central Library | Central Library | 02/07/2015 | Cen Lib/Ret | 0.00 | 881.08 TWO | 989045 | 02/07/2015 | 1 | 0.00 | 02/07/2015 | English Books |
